تحليل وحدات الهندسة الواردة في كتب الرياضيات المدرسية في المرحلة المتوسطة في العراق في ضوء معايير المجلس الوطني لمعلمي الرياضيات في الولايات المتحدة الامريكية =Content analysis of the geometry units in mathematics text for upper intermediate stage in irag in the light of the standards of the in national council of teachers mathematics in USA (NCTM,2000 (NCTM,2000) (Record no. 29412)
[ view plain ]
| 000 -LEADER | |
|---|---|
| fixed length control field | 01448nam a2200241Ii 4500 |
| 003 - CONTROL NUMBER IDENTIFIER | |
| control field | JO-AjNU |
| 005 - DATE AND TIME OF LATEST TRANSACTION | |
| control field | 20240630101107.0 |
| 008 - FIXED-LENGTH DATA ELEMENTS--GENERAL INFORMATION | |
| fixed length control field | 230605s9999||||xx |||||||||||||| ||und|| |
| 040 ## - CATALOGING SOURCE | |
| Original cataloging agency | JO-AjNU |
| Language of cataloging | ara |
| Description conventions | rda |
| Transcribing agency | JO-AjNU |
| 041 ## - LANGUAGE CODE | |
| Language code of text/sound track or separate title | ara |
| 050 14 - LIBRARY OF CONGRESS CALL NUMBER | |
| Classification number | QA11 2015 |
| 100 ## - MAIN ENTRY--PERSONAL NAME | |
| Personal name | طلال، هادي |
| Relator term | معد |
| 9 (RLIN) | 65912 |
| 245 00 - TITLE STATEMENT | |
| Title | تحليل وحدات الهندسة الواردة في كتب الرياضيات المدرسية في المرحلة المتوسطة في العراق في ضوء معايير المجلس الوطني لمعلمي الرياضيات في الولايات المتحدة الامريكية =Content analysis of the geometry units in mathematics text for upper intermediate stage in irag in the light of the standards of the in national council of teachers mathematics in USA (NCTM,2000 (NCTM,2000) |
| 264 31 - PRODUCTION, PUBLICATION, DISTRIBUTION, MANUFACTURE, AND COPYRIGHT NOTICE | |
| Place of production, publication, distribution, manufacture | 2015 |
| 300 ## - PHYSICAL DESCRIPTION | |
| Extent | 50 ورقة |
| 336 ## - CONTENT TYPE | |
| Content type term | text |
| Content type code | txt |
| Source | rdacontent |
| 337 ## - MEDIA TYPE | |
| Media type term | unmediated |
| Media type code | n |
| Source | rdamedia |
| 338 ## - CARRIER TYPE | |
| Carrier type term | volume |
| Carrier type code | nc |
| Source | rdacarrier |
| 500 ## - GENERAL NOTE | |
| General note | رسالة جامعية (ماجستير في مناهج الرياضيات واساليب التدريس )--جامعة ال البيت، كلية العلوم التربوية(المفرق)، 2015، يشتمل على جداول توضيحية |
| 650 #4 - SUBJECT ADDED ENTRY--TOPICAL TERM | |
| Topical term or geographic name entry element | الرياضيات - تعليم وتعليم - المرحلة المتوسطة - العراق |
| 9 (RLIN) | 57644 |
| 700 ## - ADDED ENTRY--PERSONAL NAME | |
| Personal name | احمد حسن القضاة |
| Relator term | مشرف |
| 9 (RLIN) | 65914 |
| 942 ## - ADDED ENTRY ELEMENTS (KOHA) | |
| Source of classification or shelving scheme | Library of Congress Classification |
| Koha item type | Thesis |
| Withdrawn status | Lost status | Source of classification or shelving scheme | Damaged status | Not for loan | Home library | Current library | Shelving location | Date acquired | Total Checkouts | Full call number | Barcode | Date last seen | Price effective from | Koha item type |
|---|---|---|---|---|---|---|---|---|---|---|---|---|---|---|
| Library of Congress Classification | مكتبة جامعة عجلون الوطنية | مكتبة جامعة عجلون الوطنية | المراجع | 06/06/2023 | QA11 2015 | A25844 | 06/06/2023 | 06/06/2023 | Reference |